| 000 | 00735nam a2200241Ia 4500 | ||
|---|---|---|---|
| 003 | GCL | ||
| 008 | 140319s9999 xx 000 0 ara d | ||
| 040 |
_aGCL / _cGCL |
||
| 082 | 0 | 4 |
_a809.915 _bن ت |
| 100 | 1 | _aنادو, موريس | |
| 245 | 1 | 0 |
_aتاريخ السريالية / _cنادو, موريس |
| 700 | 1 | _aعيسى عصفور (مترجم) | |
| 700 | 1 | _aنتدجه الحلاق | |
| 260 |
_a[S.N] : _bمنشورات وزارة الثقافة ، _c1992 |
||
| 300 | _a252 ص | ||
| 490 |
_aدراسات نقدية عالمية _v0 |
||
| 650 | 0 | 4 | _aالفنون |
| 650 | 0 | 4 | _aالرمزية |
| 650 | 0 | 4 | _aالسيريالية |
| 650 | 0 | 4 | _aتاريخ ونقد |
| 650 | 0 | 4 | _aالفنون - تاريخ |
| 942 |
_2ddc _cBK |
||
| 999 |
_c37152 _d37152 |
||